| 000 | 004250000a22001210004500 | ||
|---|---|---|---|
| 090 |
_aAS _bSeriadas |
||
| 245 | 1 | 0 | _aEarly stage of rhizome development in Pharus virescens (Poaceae: Bambusoideae) located in La Macarena, Colombia |
| 041 | 0 | _aInglés | |
| 700 | 1 |
_aIzawa, Kosei _9100240 |
|
| 100 | 1 |
_aKobayashi, Mikio _999317 |
|
| 942 | _cARTICULO | ||
| 773 | 1 |
_tField Studies of Fauna and Flora La Macarena, Colombia _q35-41 _d1992 _g7 |
|
| 999 |
_c16006 _d16006 |
||